000
00281nam a2200109Ia 4500
005
20251222114350.0
008
251222s1900||||xx |||||||||||||| ||spa||
082
_a
DVD0040/J13/2003
245
0
_a
El SeƱor de los anillos: El retorno del rey
264
_b
New Line Cinema
942
_c
DVD
999
_c
1209
_d
1209